| 000 | 00603cam a2200193u 4500 | ||
|---|---|---|---|
| 001 | 000018106 | ||
| 005 | 20200929165346.0 | ||
| 008 | 850618s1929 fr 000 0 fre | ||
| 040 |
_aDO-SdBNP _bspa _cBNPHU |
||
| 082 |
_axxx _bB752p |
||
| 100 | 1 |
_aBouchardon, Pierre, _d1870- _939244 |
|
| 245 | 1 | 4 | _aLes proces burlesques. |
| 260 |
_aParis : _bPerrin et cie, _c1929. |
||
| 300 |
_a237 p. : _bil. ; _c19 cm. |
||
| 490 | 1 | _aDrames judiciaaires d´autrefois | |
| 650 | 0 |
_aDerecho _xAnécdotas, chistes, sátiras, etc. _939245 |
|
| 650 | 0 |
_aJuicios _939246 |
|
| 830 | 0 |
_aDrames judiciaaires d´autrefois _939247 |
|
| 999 |
_c17627 _d17627 |
||